The periodic kingdom : (Запис № 535895)

МАРК-запис
000 -LEADER
fixed length control field 03638cam a2200553 a 4500
001 - CONTROL NUMBER
control field periodickingdomj00atki
003 - CONTROL NUMBER IDENTIFIER
control field CaSfIA
005 - DATE AND TIME OF LATEST TRANSACTION
control field 20210118205832.0
007 - PHYSICAL DESCRIPTION FIXED FIELD--GENERAL INFORMATION
fixed length control field cr||||
008 - FIXED-LENGTH DATA ELEMENTS--GENERAL INFORMATION
fixed length control field 950213s1995 nyua b 001 0 eng
010 ## - LIBRARY OF CONGRESS CONTROL NUMBER
LC control number 95007362
040 ## - CATALOGING SOURCE
Original cataloging agency DLC
Transcribing agency DLC
Modifying agency BAKER
-- NLGGC
-- BTCTA
-- YDXCP
-- RMC
-- UKV3G
-- XY4
-- CVM
-- OCLCG
-- DEBSZ
-- BTN
-- CaSfIA
015 ## - NATIONAL BIBLIOGRAPHY NUMBER
National bibliography number B9572450
019 ## -
-- 60252870
-- 228296570
020 ## - INTERNATIONAL STANDARD BOOK NUMBER
International Standard Book Number 0465072658
020 ## - INTERNATIONAL STANDARD BOOK NUMBER
International Standard Book Number 9780465072651
020 ## - INTERNATIONAL STANDARD BOOK NUMBER
International Standard Book Number 0788155180
020 ## - INTERNATIONAL STANDARD BOOK NUMBER
International Standard Book Number 9780788155185
035 ## - SYSTEM CONTROL NUMBER
System control number (OCoLC)32091349
Canceled/invalid control number (OCoLC)60252870
-- (OCoLC)228296570
050 00 - LIBRARY OF CONGRESS CALL NUMBER
Classification number QD466
Item number .A845 1995
082 00 - DEWEY DECIMAL CLASSIFICATION NUMBER
Classification number 541.2/4
Edition number 20
084 ## - OTHER CLASSIFICATION NUMBER
Classification number 35.00
Source of number bcl
029 1# - (OCLC)
OCLC library identifier NLGGC
System control number 134272617
029 1# - (OCLC)
OCLC library identifier YDXCP
System control number 1350580
029 1# - (OCLC)
OCLC library identifier YDXCP
System control number 410622
029 1# - (OCLC)
OCLC library identifier NZ1
System control number 4672821
029 1# - (OCLC)
OCLC library identifier AU@
System control number 000011494467
029 1# - (OCLC)
OCLC library identifier UNITY
System control number 019187149
029 1# - (OCLC)
OCLC library identifier LWM
System control number 0465072658
100 1# - MAIN ENTRY--PERSONAL NAME
Personal name Atkins, P. W.
Fuller form of name (Peter William),
Dates associated with a name 1940-
245 14 - TITLE STATEMENT
Title The periodic kingdom :
Medium [electronic resource]
Remainder of title a journey into the land of the chemical elements /
Statement of responsibility, etc P.W. Atkins.
260 ## - PUBLICATION, DISTRIBUTION, ETC. (IMPRINT)
Place of publication, distribution, etc New York :
Name of publisher, distributor, etc BasicBooks,
Date of publication, distribution, etc c1995.
300 ## - PHYSICAL DESCRIPTION
Extent ix, 161 p. :
Other physical details ill. ;
Dimensions 24 cm.
440 #0 - SERIES STATEMENT/ADDED ENTRY--TITLE
Title Science masters series
504 ## - BIBLIOGRAPHY, ETC. NOTE
Bibliography, etc Includes bibliographical references (p. [151]-152) and index.
505 0# - FORMATTED CONTENTS NOTE
Formatted contents note Geography: The terrain -- The products of the regions -- Physical geography -- History: The history of discovery -- The naming of the regions -- The origin of the land -- The cartographers -- Government and institutions: laws of the interior -- The laws of the exterior -- Regional administration -- Liaisons and alliances -- Epilog.
520 1# - SUMMARY, ETC.
Summary, etc "Just how does the periodic table help us make sense of the world around us? Using vivid imagery, ingenious analogies, and liberal doses of humor, P. W. Atkins answers this question. He shows us that the Periodic Kingdom is a systematic place. Detailing the geography, history, and governing institutions of this imaginary landscape, he demonstrates how physical similarities can point to deeper affinities, and how the location of an element can be used to predict its properties." "Atkins tells us about the cosmic origins of the elements and introduces the intrepid explorers and cartographers who expanded the frontiers of the kingdom: Humphry Davy, the nineteenth-century chemist who identified and catalogued several of the common metallic elements; Dmitri Mendeleev, the Russian scientist who (legend has it) saw in a dream the prototype of the modern periodic table; and the Manhattan Project scientists who originated the techniques still used today to map the dangerously radioactive regions."--BOOK JACKET.
506 ## - RESTRICTIONS ON ACCESS NOTE
Standardized terminology for access restriction Необхідна авторизація на https://archive.org/ (створення облікового запису безкоштовно)
506 ## - RESTRICTIONS ON ACCESS NOTE
Standardized terminology for access restriction Необхідна авторизація на https://openlibrary.org/ (створення облікового запису безкоштовно)
650 #0 - SUBJECT ADDED ENTRY--TOPICAL TERM
Topical term or geographic name as entry element Chemical elements.
650 #0 - SUBJECT ADDED ENTRY--TOPICAL TERM
Topical term or geographic name as entry element Periodic law.
650 17 - SUBJECT ADDED ENTRY--TOPICAL TERM
Topical term or geographic name as entry element Elementen (chemie)
Source of heading or term gtt
650 17 - SUBJECT ADDED ENTRY--TOPICAL TERM
Topical term or geographic name as entry element Periodiek systeem der elementen.
Source of heading or term gtt
776 08 - ADDITIONAL PHYSICAL FORM ENTRY
Display text Online version:
Main entry heading Atkins, P. W. (Peter William), 1940-
Title Periodic kingdom.
Place, publisher, and date of publication New York : BasicBooks, c1995
Record control number (OCoLC)622980354
856 42 - ELECTRONIC LOCATION AND ACCESS
Materials specified Publisher description
Uniform Resource Identifier <a href="http://www.loc.gov/catdir/enhancements/fy0832/95007362-d.html">http://www.loc.gov/catdir/enhancements/fy0832/95007362-d.html</a>
856 41 - ELECTRONIC LOCATION AND ACCESS
Uniform Resource Identifier <a href="http://www.archive.org/details/periodickingdomj00atki">http://www.archive.org/details/periodickingdomj00atki</a>
Public note Free eBook from the Internet Archive
856 42 - ELECTRONIC LOCATION AND ACCESS
Uniform Resource Identifier <a href="http://www.openlibrary.org/books/OL1275776M">http://www.openlibrary.org/books/OL1275776M</a>
Public note Additional information and access via Open Library
942 ## - ADDED ENTRY ELEMENTS (KOHA)
Koha item type ЕКнига

Немає доступних примірників.